Principaux partenaires commerciaux - France - Statistiques

Statistiques générales
  • Ce quiz a été pris 100 fois
  • Le résultat moyen est 15 sur 18
Statistiques - réponses
exportations importations pays % Correct
47,5 Md 55,9 Md États-Unis
99%
86,7 Md 97,6 Md Allemagne
98%
48,2 Md 54,3 Md Espagne
98%
27,0 Md 77,0 Md Chine
97%
56,7 Md 56,6 Md Italie
96%
7,49 Md Portugal
95%
51,6 Md 65,3 Md Belgique
92%
39,2 Md 28,2 Md Royaume-Uni
92%
7,19 Md 10,6 Md Japon
89%
22,2 Md 18,5 Md Suisse
88%
24,6 Md 33,8 Md Pays-Bas
85%
7,63 Md 9,73 Md Inde
84%
15,6 Md 17,6 Md Pologne
78%
12,8 Md 12,2 Md Turquie
70%
7,87 Md 11,3 Md Irlande
69%
10,6 Md Corée du Sud
64%
10,3 Md Tchèque
46%
10,6 Md Singapour
18%
Aucun quiz correspondant
Distribution des résultats
% des personnes avec chaque résultat
Percentile par nombre de réponses
Votre historique - résultats
Vous n’avez pas pris ce quiz